000 00347nam a2200133Ia 4500
008 240624s9999 xx 000 0 und d
041 _aeng
082 _a519.5 SHA
100 _aSHARMA J K
245 _aBUSINESS MATHEMATICS THEORY AND APPLICAT
260 _c2007
_aNew Delhi
_bAne Books India
300 _axix, : 812 : p. : cm. ; 23
365 _cRS
999 _c6154
_d6154